| 000 | 00494nam a22001817a 4500 | ||
|---|---|---|---|
| 005 | 20140422110421.0 | ||
| 010 | _aENG-109315 | ||
| 020 |
_a9789350450376 _c150.00 |
||
| 035 | _aEN-92848 | ||
| 037 | _bDBAD/PUB | ||
| 082 | _a881 | ||
| 100 | _aSunitha Srinivas C. | ||
| 245 |
_aMnemosyne / _cby Sunitha Srinivas C. |
||
| 260 |
_aKolkata _bWriters Workshop _c2012 |
||
| 270 |
_a162/92 Lake Gardens _bKolkata _e700045 |
||
| 300 |
_a47p. _c22cm(Hb) |
||
| 942 |
_2ddc _cEN _mSUN _h881 |
||
| 999 |
_c82550 _d82550 |
||